000 01273cam a2200253 4500
001 ABS66924
008 030716n2003 000 0 eng u
035 _a(Sirsi) u123030
100 _aRobinson, J.
245 _aPublic access to the countryside: the new regime
260 _c2003
490 _aScottish Planning and Environmental Law
_v(97) June 2003, 62-65(4)
520 _aExplains key aspects of the final form of the Land Reform (Scotland) Act 2003, in particular Part I and examines what needs to be done prior to its implementation. The six provisions picked out for consideration are whether the rights are new or existing; the extent of access rights; land over which access rights are exercisable; core paths, liability and the "Scottish outdoor access code". Concludes that the legislation in its final form is close to the package of reforms submitted to government in 1998 and that the reforms should benefit both the users and the providers of access.
590 _aABS
650 _aSCOTLAND
650 _aLAND REFORM (SCOTLAND) ACT 2003
650 _aPUBLIC ACCESS
650 _aACCESS TO THE COUNTRYSIDE
650 _aRIGHTS OF WAY
650 _aLIABILITY
650 _aSCOTTISH OUTDOOR ACCESS CODE
690 _aPROPERTY
942 _n0
999 _c73063
_d73063